1768 1749 1484 1081 1569 1138 1725 1241 1995 1236 1806 1689 1533 1627 1830 1571 1270 1629 1712 1004 1199 1562 1165 1674 1192 1772 1027 1269 1295 1648 1547 1721 1538 1573 1059 1531 1719 1182 1896 1044 1766 1086 1277 1354 1252 1696 1220 1617 1767 1008 1766 1085 1632 1369 1124 1617 1230 1684 1059 1078 1040 1111 1190 1019 1918 1784 1567 1168 1137 1727 1952 1151 1047 1688 1873 1419 1540 1174 1259 1688 1220 1861 1341 1986 1567 1739 1056 1700 1726 1210 1154 1511 1160 1424 1879 1597 1583 1887 1486 BCNSPRNW ULIB Ver.6.0+V

เปลี่ยนเป็นภาษาไทย

Change to English
 แสดงรายละเอียดบรรณานุกรม
  กลับหน้าหลัก

Brief Record : Get Marc (ISO 2709) : E-mail record : QR code < ปิดหน้าต่าง
LEADER : 00000nam 2200000uu 4500
001    13399108373
003     ULIB
008    110302s2547||||th 000 0 tha d
020    9749202740
041 0  tha
060 04 WY157^bพ486ก 2547
100 0  พวงน้อย สาครรัตนกุล
245 10 การพยาบาลสตรีตั้งครรภ์ /^cพวงน้อย สาครรัตนกุล, จันทิมา ขนบดี
250    พิมพ์ครั้งที่ 1
260    กรุงเทพฯ :^bภาควิชาพยาบาลศาสตร์ คณะแพทยศาสตร์โรงพยาบาลรามาธิบดี มหาวิทยาลัยมหิดล,^c2547
300    170 หน้า :^bภาพประกอบ ;^c29 ซม.
504    มีบรรณานุกรมและดัชนี
650  7 ครรภ์
650  7 การพยาบาลสูติศาสตร์
700 0  จันทิมา ขนบดี
710 2  มหาวิทยาลัยมหิดล. ^bคณะแพทยศาสตร์โรงพยาบาลรามาธิบดี.^bภาควิชาพยาบาลศาสตร์
945    ^p150^l0^i019374
945    ^p150^l0^i016980
945    ^p150^l0^i016979
995     เกษร
999 ^a ใช้งานได้ทุกระบบ
รายการนี้ยังไม่มีแท็ก
คุณยังไม่ได้ล็อกอิน คุณสามารถมีกิจกรรมร่วมกับเว็บไซต์ได้ แต่ต้องล็อกอินก่อน ::
  ล็อกอิน

รายการสื่อสารสนเทศ

ลำดับที่ ประเภท เลขเรียก/บาร์โค้ด สถานที่ สถานะ
- ไม่พบข้อมูล -

รายการใกล้เคียง
    ผู้แต่ง [พวงน้อย สาครรัตนกุล]

    หัวเรื่อง [ครรภ์]
    หัวเรื่อง [การพยาบาลสูติศาสตร์]

BibComment


ยังไม่เคยถูกคอมเมนท์

คอมเมนท์ทรัพยากรรายการนี้
  คอมเมนท์: การพยาบาลสตรีตั้ง..


 Copyright 2026. Bcnsprnw @Library